|
|
|
|
| LEADER |
00000nam a2200000 a 4500 |
| 001 |
vtls001325044 |
| 003 |
SK-MaSNL |
| 005 |
20260301114224.0 |
| 008 |
160628s1997 xo oa g c 00000dslo |
| 015 |
|
|
|a SNBE1998/03-01667
|
| 020 |
|
|
|a 8088730325
|
| 035 |
|
|
|a SNK000277788
|
| 040 |
|
|
|a SNK
|b slo
|c SNK
|e AACR2
|
| 041 |
0 |
|
|a slo
|a eng
|
| 044 |
|
|
|a xo
|c SK
|
| 080 |
|
|
|a 73/76:061.4(083.9)=854=20
|2 1981
|
| 080 |
|
|
|a 069.6.0 2:73/76
|2 1981
|
| 110 |
2 |
|
|a Považská galéria umenia
|4 aut
|9 253316
|
| 245 |
1 |
0 |
|a Považská galéria umenia Žilina zo zbierok druhej polovice 20. storočia
|c koncepcia výstavy Milan Mazúr ; preklad Ján Štofko ; fotografie Milan Kosec
|
| 246 |
1 |
1 |
|a Museum of art Exhibited works from the collection 2nd half of the 20th century
|
| 260 |
|
|
|a Žilina
|b Považská galéria umenia
|c [1997]
|
| 300 |
|
|
|a 1 zložený list
|b fareb. fotoreprod., fareb. fotogr.
|c 30 x 21 cm
|
| 366 |
|
|
|e 350 výt.
|
| 500 |
|
|
|a Biogr. údaje
|
| 546 |
|
|
|a Súbež. názov a text angl.
|
| 648 |
|
7 |
|a 20. stor.
|2 SNKPH
|9 275975
|
| 650 |
0 |
7 |
|a výtvarné umenie
|2 SNKPH
|9 723
|
| 651 |
|
7 |
|a Žilina (Slovensko : okres)
|2 SNKPH
|9 56327
|
| 655 |
|
7 |
|a katalógy výstav
|2 SNKPH
|9 70445
|
| 700 |
1 |
|
|a Mazúr, Milan,
|d 1954-
|4 com
|9 212081
|
| 700 |
1 |
|
|a Štofko, Ján
|4 trl
|9 47258
|
| 700 |
1 |
|
|a Kosec, Milan
|4 pht
|9 5870
|
| 919 |
|
|
|a 80-88730-32-5
|
| 999 |
|
|
|c 717547
|d 719477
|
| 952 |
|
|
|t P60, <04>, [BOOK], {604}
|a SNK
|b SNK
|y VYP
|7 0
|p 17A0245668
|o snkOSB 11778 D1
|i snkKSP 3055/98
|0 0
|1 0
|4 0
|d 2000-07-14
|l 0
|r 2005-01-02 00:00:00
|w 2026-02-23
|
| 952 |
|
|
|t P60, <03>, [BOOK], {603}
|a SNK
|b SNK
|y PREZ
|7 0
|o snkOSB 11778
|i snkKSP 3054/98
|0 0
|1 0
|4 0
|d 1998-03-20
|l 0
|r 2005-01-02 00:00:00
|w 2026-02-23
|
| 952 |
|
|
|t P60, <09>, [BOOK], {629}
|a SNK
|b SNK
|y NEVYP
|7 0
|o snkB 145
|i snk556/980323
|0 0
|1 0
|4 0
|d 1998-03-20
|l 0
|r 2005-01-02 00:00:00
|w 2026-02-23
|